| 000 | 00000nam 2200000zi 4500 |
| 001 | 9.938626 |
| 003 | CaOODSP |
| 005 | 20240619133443 |
| 006 | m o d f |
| 007 | cr cn||||||||| |
| 008 | 240524t20242024oncd o f000 0 fre d |
| 020 | |a9780660720821 |
| 040 | |aCaOODSP|bfre|erda|cCaOODSP |
| 043 | |an-cn--- |
| 086 | 1 |aCH24-50/2024F-PDF |
| 245 | 03|aLa situation de l'athlète de haut niveau en 2023 : |brapport final / |cpréparé pour le compte de Sport Canada, ministère du Patrimoine canadien. |
| 264 | 1|a[Gatineau, Québec] : |bPatrimoine canadien = Canadian Heritage, |c2024. |
| 264 | 4|c©2024 |
| 300 | |a1 ressource en ligne (129 pages) : |bgraphiques en couleur + |esommaire (7 pages) |
| 336 | |atexte|btxt|2rdacontent |
| 337 | |ainformatique|bc|2rdamedia |
| 338 | |aressource en ligne|bcr|2rdacarrier |
| 500 | |aPublié aussi en anglais sous le titre : 2023 status of the high-performance athlete : final report. |
| 500 | |a« Nom de la firme de recherche : Les Associés de recherche Ekos inc. » |
| 500 | |a« Numéro de contrat : CW2268682. » |
| 500 | |a« Numéro d'enregistrement : ROP 108-22. » |
| 500 | |a« Date de livraison des services : 19 avril 2024. » |
| 610 | 26|aProgramme d'aide aux athlètes (Canada)|xOpinion publique. |
| 650 | 6|aSportifs de haut niveau|xServices|zCanada|xOpinion publique. |
| 650 | 6|aSportifs de haut niveau|zCanada|xFinances personnelles. |
| 650 | 6|aAide de l'État aux sports|zCanada|xOpinion publique. |
| 650 | 6|aOpinion publique|zCanada. |
| 650 | 6|aSportifs de haut niveau|zCanada|xAttitudes. |
| 650 | 6|aEntraîneurs (Sports)|zCanada|xAttitudes. |
| 710 | 1 |aCanada. |bPatrimoine canadien, |eorganisme de publication. |
| 710 | 2 |aSport Canada, |eorganisme de publication. |
| 710 | 2 |aAssociés de recherche Ekos, |econsultant. |
| 775 | 08|t2023 status of the high-performance athlete : |w(CaOODSP)9.938625 |
| 795 | |tLa situation de l'athlète de haut niveau en 2019-2020 : |w(CaOODSP)9.888784 |
| 856 | 40|qPDF|s3.78 Ko|uhttps://publications.gc.ca/collections/collection_2024/pch/CH24-50-2024-fra.pdf|z(Rapport final) |
| 856 | 40|qPDF|s432 Ko|uhttps://publications.gc.ca/collections/collection_2024/pch/CH24-50-2024-1-fra.pdf|z(Sommaire) |
| 856 | 4 |qHTML|sS.O.|uhttps://epe.bac-lac.gc.ca/100/200/301/pwgsc-tpsgc/por-ef/canadian_heritage/2024/108-22-f/POR108-22-rapport.html|z(Rapport final) |
| 856 | 4 |qHTML|sS.O.|uhttps://epe.bac-lac.gc.ca/100/200/301/pwgsc-tpsgc/por-ef/canadian_heritage/2024/108-22-f/sommaire/POR108-22-sommaire.html|z(Sommaire) |